|
|
|
|
| LEADER |
00000nam0a2200000 4500 |
| 001 |
268199 |
| 005 |
20231101234139.0 |
| 020 |
|
|
|a RU
|b 84-35737
|
| 035 |
|
|
|a (RuTPU)RU\TPU\book\291331
|
| 035 |
|
|
|a RU\TPU\book\121186
|
| 090 |
|
|
|a 268199
|
| 100 |
|
|
|a 20140828d1961 m y0rusy5003 ca
|
| 101 |
0 |
|
|a rus
|
| 102 |
|
|
|a RU
|
| 105 |
|
|
|a a z 000zy
|
| 200 |
1 |
|
|a Звезда и треугольник
|f Е. А. Каминский
|
| 210 |
|
|
|a Москва
|a Ленинград
|c Госэнергоиздат
|d 1961
|
| 215 |
|
|
|a 64 с.
|c схемы
|
| 225 |
1 |
|
|a Библиотека электромонтера
|h Вып. 44
|
| 606 |
1 |
|
|a Электромонтажные работы
|2 stltpush
|3 (RuTPU)RU\TPU\subj\20281
|9 45391
|
| 610 |
1 |
|
|a понятия
|
| 610 |
1 |
|
|a определения
|
| 610 |
1 |
|
|a звезда
|
| 610 |
1 |
|
|a треугольник
|
| 610 |
1 |
|
|a зигзаг
|
| 610 |
1 |
|
|a электромонтеры
|
| 675 |
|
|
|a 621.31.002.72
|v 3
|
| 700 |
|
1 |
|a Каминский
|b Е. А.
|g Евгений Абрамович
|4 070
|
| 801 |
|
0 |
|a RU
|b 63413507
|c 19950704
|g psbo
|
| 801 |
|
1 |
|a RU
|b 63413507
|c 20070323
|g PSBO
|
| 801 |
|
2 |
|a RU
|b 63413507
|c 20150113
|g PSBO
|
| 942 |
|
|
|c BK
|